Malvern and Birmingham Statistics - Statistics

General Stats
  • This quiz has been taken 4 times
  • The average score is 13 of 46
Answer Stats
Hint Answer % Correct
Population Aged 65-74 Birmingham (%) 7
100%
People Employed in Customer Services Birmingham (%) 9
100%
Population Aged 35-44 Malvern (%) 9.8
100%
People Employed in Skilled Trades Birmingham (%) 9.8
100%
Christian Population Birmingham (%) 34
75%
White British Population Birmingham (%) 43
75%
Unemployed Malvern (%) 5.5
75%
People Employed in Customer Services Malvern (%) 6.6
75%
Crime Rate (Per 1,000 People) Malvern 67
75%
Life Expectancy Birmingham 79
75%
Life Expectancy Malvern 82
75%
Population Aged 18-24 Malvern (%) 5.8
50%
Population Aged 75+ Birmingham (%) 6.2
50%
Self Employed Birmingham (%) 7.5
50%
Population Aged 25-34 Malvern (%) 8.8
50%
Population Aged 55-64 Birmingham (%) 10.1
25%
Unemployed Birmingham (%) 13.4
25%
Crime Rate (Per 1,000 People) Birmingham 140
25%
Population Aged 18-24 Birmingham (%) 14.3
25%
Population Aged 45-54 Malvern (%) 14.3
25%
Average Salary Malvern (£) 35,910
25%
Economically Active Malvern (%) 77.6
25%
Population of Birmingham (2021) 1,133,923
0%
Purchasing Power Index Birmingham 116.79
0%
Population Aged 45-54 Birmingham (%) 12.1
0%
Purchasing Power Index Malvern 123.66
0%
Population Aged 35-44 Birmingham (%) 13.5
0%
Population Aged 75+ Malvern (%) 13.5
0%
People Employed in Skilled Trades Malvern (%) 14.1
0%
Population Aged 25-34 Birmingham (%) 14.6
0%
Population Aged 55-64 Malvern (%) 15.1
0%
Self Employed Malvern (%) 15.4
0%
Population Aged Under 18 Malvern (%) 18.2
0%
Population Aged Under 18 Birmingham (%) 22.3
0%
Population Aged 65-74 Malvern (%) 28.2
0%
Part Time Employment Birmingham (%) 31.4
0%
Part Time Employment Malvern (%) 32.3
0%
Average Salary Birmingham (£) 39,573
0%
Employees Birmingham (%) 52.6
0%
Employees Malvern (%) 57.9
0%
Christian Population Malvern (%) 67.5
0%
Full Time Employment Malvern (%) 67.7
0%
Full Time Employment Birmingham (%) 68.6
0%
Economically Active Birmingham (%) 69.3
0%
Population of Malvern (2019) 78,698
0%
White British Population Malvern (%) 97.6
0%
No matching quizzes found
Score Distribution
Percent of People with Each Score
Percentile by Number Answered
Your Score History
You have not taken this quiz